Jeu : 2 mots pour un troisième ! - Statistiques

Statistiques générales
  • Ce quiz a été pris 264 fois
  • Le résultat moyen est 20 sur 50
Statistiques - réponses
Indice 1 Indice 2 Réponse Initiale % Correct
Fond Alpin Ski S
88%
Douche Adam Pomme P
87%
Virgule Côté Point P
73%
Coulisse Biche Pied P
70%
Bissextile Lumière Année A
69%
Rectangle Isocèle Triangle T
67%
Plate Anglaise Clé C
59%
Pan Traversière Flute F
59%
Cartes Lumière Jeu J
57%
Pluie Source Eau E
56%
Citron Moutarde Jaune J
56%
Astronomique Arrière Lunette L
56%
Fort Eau Château C
52%
Vaisselle Linge Lave L
52%
Champêtre Meubles Garde G
49%
Onde Ordinateur Micro M
49%
Chat Clown Poisson P
49%
Timbre Malle Poste P
49%
Dents Cheveux Brosse B
44%
Pomme de terre Maïs Fécule F
44%
Métro Architecte Plan P
44%
Cerveau Foins Rhume R
44%
Bain Table Sel S
44%
Bus Urgence Arrêt A
43%
Bord Intime Journal J
41%
Fenêtre Plume Porte P
40%
Magasin Soleil Rayon R
38%
Partout Temps Passe P
36%
Caisse Gagnant Ticket T
36%
Coucher Députés Chambre C
34%
Mathieu Luc Evangile E
34%
Culotte Fièvre Cheval C
33%
Tour Rendu Compte C
33%
Chou Papier Feuille F
33%
Acacia Mille fleurs Miel M
30%
Ecosse Electrique Fil F
29%
Clôture Grève Piquet P
29%
Vicinal Fer Chemin C
26%
Pipe Dents Cure C
26%
Fer Terre Pot P
23%
Pêche Sauvetage Bateau B
22%
Gare Cuisine Chef C
22%
Latine St André Croix C
22%
Vin Cidre Vinaigre V
18%
Billets Dessin Planche P
17%
Sport Table Serviette S
16%
Garde Policier Chien C
13%
Fleur Rouge Chou C
12%
Cartonnée Soie Chemise C
11%
Geste Mots Comique C
0%
Aucun quiz correspondant
Distribution des résultats
% des personnes avec chaque résultat
Percentile par nombre de réponses
Votre historique - résultats
Vous n’avez pas pris ce quiz